000 00619nas a2200217 i 4500
001 425
003 ES-MaACL
005 20250718150753.0
007 t|
008 950801c1869 sp | | 1 ||pa d
245 0 3 _aEl Boletín diplomático
_b: periódico internacional, político, económico, estadístico y literario.
260 _aMadrid :
_bImp. F. López Vizcaíno,
_c1869-
300 _a1 v. ;
_c35 cm.
310 _aSemanal
362 0 _aN. 1 (16 abr. 1869)-
650 1 4 _aPeriódicos
_915941
852 _aES-MaACL
_jHem-559
866 0 _o1869(1870).
942 _2udc
_cPERIODICO
999 _c425
_d425